[Event "74th ch-RUS w 2024"]
[Site "Barnaul RUS"]
[Date "2024.08.17"]
[Round "1.1"]
[White "Goryachkina, Aleksandra"]
[Black "Shuvalova, Polina"]
[Result "1/2-1/2"]
[WhiteTitle "GM"]
[BlackTitle "IM"]
[WhiteElo "2545"]
[BlackElo "2487"]
[WhiteFideId "4147103"]
[BlackFideId "24171760"]
[EventDate "2024.08.17"]

1. e4 c5 2. Nf3 d6 3. Bb5+ Nd7 4. Ba4 Nf6 5. O-O a6 6. c4 e5 7. Nc3 Be7 8. d3
O-O 9. h3 Nb8 10. a3 Nc6 11. Rb1 a5 12. Be3 h6 13. Nd2 Be6 14. Nd5 Nd7 15. Re1
Bg5 16. Nf1 Rb8 17. Ng3 g6 18. Rf1 Kg7 19. f4 exf4 20. Nxf4 Nde5 21. Qd2 Kh7 22.
Kh1 Qe7 23. Nge2 Rbd8 24. b3 Bc8 25. Rbd1 Be6 26. Bb5 Bc8 27. d4 cxd4 28. Nxd4
Nxd4 29. Qxd4 Nc6 30. Qd2 Qe5 31. Rde1 Rde8 32. Nd5 Bxe3 33. Rxe3 Re6 34. Ref3
Kg7 35. Qf2 f6 36. Nf4 Re7 37. Nd5 Ref7 38. Nc3 Nd4 39. Rd3 Nxb3 40. Re3 Nc5 41.
Qd2 Be6 42. Rd1 Rd8 43. Qe1 Re7 44. Na4 Ra8 45. Nb6 Rf8 46. Qxa5 Nxe4 47. Rxe4
Qxe4 48. Re1 Qd4 49. Nd5 Bxd5 50. Rxe7+ Rf7 51. Qd8 Rxe7 52. Qxe7+ Bf7 53. Qxb7
Qa1+ 1/2-1/2

[Event "74th ch-RUS w 2024"]
[Site "Barnaul RUS"]
[Date "2024.08.17"]
[Round "1.2"]
[White "Lagno, Kateryna"]
[Black "Kovanova, Baira"]
[Result "1-0"]
[WhiteTitle "GM"]
[BlackTitle "WGM"]
[WhiteElo "2532"]
[BlackElo "2301"]
[WhiteFideId "14109336"]
[BlackFideId "4164083"]
[EventDate "2024.08.17"]

1. e4 e5 2. Nf3 Nc6 3. Bb5 a6 4. Ba4 Nf6 5. O-O Be7 6. d3 b5 7. Bb3 d6 8. c3 O-O
9. Re1 Na5 10. Bc2 c5 11. h3 Bb7 12. d4 Re8 13. d5 Nc4 14. b3 Nb6 15. Be3 Bf8
16. Nfd2 Nfd7 17. Qg4 g6 18. a4 Bg7 19. Na3 f5 20. exf5 Nxd5 21. fxg6 N7f6 22.
Qh4 Nxe3 23. gxh7+ Kh8 24. fxe3 bxa4 25. Bg6 Rf8 26. bxa4 d5 27. Rab1 Bc6 28.
Nf3 Qe7 29. Qg5 Ra7 30. Nxe5 Bxa4 31. Bf7 1-0

[Event "74th ch-RUS w 2024"]
[Site "Barnaul RUS"]
[Date "2024.08.17"]
[Round "1.3"]
[White "Voit, Daria"]
[Black "Goltseva, Ekaterina"]
[Result "1/2-1/2"]
[WhiteTitle "WGM"]
[BlackTitle "FM"]
[WhiteElo "2345"]
[BlackElo "2366"]
[WhiteFideId "4182146"]
[BlackFideId "24173770"]
[EventDate "2024.08.17"]

1. d4 d5 2. c4 e6 3. Nc3 c5 4. cxd5 cxd4 5. Qa4+ Bd7 6. Qxd4 exd5 7. Qxd5 Nf6 8.
Qb3 Na6 9. e3 Nc5 10. Qc2 Rc8 11. Nf3 Na4 12. Qb3 Nc5 13. Qd1 Nce4 14. Bd3 Bb4
15. Bxe4 Nxe4 16. Qd4 Nxc3 17. Qxb4 Nxa2 18. Qe4+ Be6 19. Bd2 O-O 20. Nd4 Bd5
21. Qb1 Qg5 22. Rg1 Rc4 23. Qf5 Qd8 24. Ne2 Nb4 25. Bxb4 Rxb4 26. Rd1 Be6 27.
Rxd8 Bxf5 28. Rd2 Rc8 29. f3 g6 30. Nd4 Bd7 31. Ke2 Ba4 32. Ra1 a6 33. e4 Kg7
34. Ke3 h5 35. Ne2 Rb3+ 36. Kf2 Bb5 37. h4 Bxe2 38. Kxe2 Rc4 39. Kd1 Rcb4 40.
Kc1 Kf6 41. Ra5 Rc4+ 42. Kd1 Rcb4 43. Kc1 Rc4+ 1/2-1/2

[Event "74th ch-RUS w 2024"]
[Site "Barnaul RUS"]
[Date "2024.08.17"]
[Round "1.4"]
[White "Pogonina, Natalija"]
[Black "Garifullina, Leya"]
[Result "0-1"]
[WhiteTitle "WGM"]
[BlackTitle "IM"]
[WhiteElo "2387"]
[BlackElo "2449"]
[WhiteFideId "4147855"]
[BlackFideId "34127035"]
[EventDate "2024.08.17"]

1. d4 Nf6 2. c4 e6 3. Nc3 Bb4 4. e3 O-O 5. Bd2 b6 6. Nf3 d5 7. cxd5 exd5 8. Rc1
c5 9. dxc5 bxc5 10. Bb5 a6 11. Be2 c4 12. Nd4 Bc5 13. O-O Nbd7 14. Qc2 Ne5 15.
h3 Bd7 16. Rcd1 Qc7 17. Bc1 Rfe8 18. Nf3 Qc6 19. a3 Qb7 20. Rfe1 Ba7 21. Nxe5
Rxe5 22. Bf3 Rae8 23. Ne2 Qc8 24. Nd4 Bb8 25. Kf1 Ne4 26. Bd2 Nc5 27. Bc3 Ba4
28. Qd2 Bxd1 29. Rxd1 Ne4 30. Qc2 h6 31. Be1 Qb7 32. Rb1 Ba7 33. b4 Bxd4 34.
exd4 R5e6 35. a4 Qc7 36. b5 axb5 37. axb5 Qh2 38. Bxe4 Rxe4 0-1

[Event "74th ch-RUS w 2024"]
[Site "Barnaul RUS"]
[Date "2024.08.17"]
[Round "1.5"]
[White "Girya, Olga"]
[Black "Gunina, Valentina"]
[Result "1-0"]
[WhiteTitle "GM"]
[BlackTitle "GM"]
[WhiteElo "2402"]
[BlackElo "2435"]
[WhiteFideId "4195752"]
[BlackFideId "4167570"]
[EventDate "2024.08.17"]

1. d4 d5 2. c4 c6 3. Nf3 Nf6 4. g3 Bf5 5. Nc3 e6 6. Qb3 Qb6 7. c5 Qxb3 8. axb3
Be7 9. b4 O-O 10. Nh4 Bc2 11. Kd2 Bb3 12. e3 Bd8 13. Ra3 Bc4 14. Bxc4 dxc4 15.
Nf3 Nd5 16. Ne5 b5 17. cxb6 Nxb6 18. Na4 Nd5 19. Nxc4 Na6 20. Nc5 Naxb4 21. Ra4
a5 22. Ke2 Bc7 23. Bd2 Rfe8 24. Rha1 Rab8 25. Nxa5 e5 26. dxe5 Rb5 27. Nab3 Bxe5
28. Ra8 Bb8 29. R1a5 Rxa5 30. Rxa5 Bd6 31. Ra4 Nc2 32. Kd3 Nb6 33. Ra6 Nxe3 34.
Bxe3 Nd5 35. Bd2 f5 36. Rxc6 Bb8 37. Nd4 f4 38. Kc4 fxg3 39. hxg3 Nf6 40. Re6
Rf8 41. Nc6 Bc7 42. b4 Ng4 43. f4 h5 44. Bc3 h4 45. Ne7+ Kf7 46. Ng6 hxg3 47.
Nxf8 Bxf4 48. Bd4 g5 49. Ng6 g2 50. Nxf4 gxf4 51. Re4 1-0

[Event "74th ch-RUS w 2024"]
[Site "Barnaul RUS"]
[Date "2024.08.17"]
[Round "1.6"]
[White "Karmanova, Olga Dm."]
[Black "Charochkina, Daria"]
[Result "1/2-1/2"]
[WhiteTitle "WFM"]
[BlackTitle "IM"]
[WhiteElo "2325"]
[BlackElo "2295"]
[WhiteFideId "24215333"]
[BlackFideId "4180917"]
[EventDate "2024.08.17"]

1. d4 d5 2. c4 c6 3. Nf3 Nf6 4. Nc3 e6 5. e3 Nbd7 6. Qc2 Bd6 7. Bd3 dxc4 8. Bxc4
b5 9. Be2 O-O 10. O-O Bb7 11. Rd1 Qc7 12. h3 Rac8 13. e4 e5 14. dxe5 Nxe5 15.
Nd4 Ng6 16. Bg5 Be5 17. Bxf6 Bxf6 18. Bg4 Rcd8 19. Nd5 Qd6 20. Nf5 Qe5 21. Nxf6+
Qxf6 22. Qc5 Bc8 23. Qxa7 Qxb2 24. Qc7 Bxf5 25. exf5 Rxd1+ 26. Rxd1 Ne5 27. Rd8
f6 28. Rxf8+ Kxf8 29. Qd6+ Kf7 30. Bd1 Qb1 31. f4 Nd3 32. Qd7+ Kf8 33. Qd8+ 1/2-1/2

[Event "74th ch-RUS w 2024"]
[Site "Barnaul RUS"]
[Date "2024.08.18"]
[Round "2.1"]
[White "Gunina, Valentina"]
[Black "Charochkina, Daria"]
[Result "1-0"]
[WhiteTitle "GM"]
[BlackTitle "IM"]
[WhiteElo "2435"]
[BlackElo "2295"]
[WhiteFideId "4167570"]
[BlackFideId "4180917"]
[EventDate "2024.08.17"]

1. e4 c5 2. Nf3 e6 3. d4 cxd4 4. Nxd4 a6 5. Bd3 Bc5 6. Nb3 Be7 7. O-O d6 8. Be3
Nc6 9. N1d2 Nf6 10. f4 e5 11. f5 d5 12. c3 h5 13. Kh1 h4 14. Qe2 d4 15. cxd4
exd4 16. Bf4 Nh5 17. e5 Bg5 18. Qg4 Bxf4 19. Rxf4 Nxf4 20. Qxf4 h3 21. g3 b6 22.
Be4 Bb7 23. Nc4 Qe7 24. f6 gxf6 25. exf6 Qe6 26. Nd6+ Kd7 27. Nxb7 Rh5 28. Rc1
Re8 29. Kg1 Rd5 30. Nd2 d3 31. Nc4 Rb5 32. Bxd3 Ne5 33. Qd4+ Kc7 34. Nxe5+ Kb8
35. Bxb5 1-0

[Event "74th ch-RUS w 2024"]
[Site "Barnaul RUS"]
[Date "2024.08.18"]
[Round "2.2"]
[White "Shuvalova, Polina"]
[Black "Karmanova, Olga Dm."]
[Result "1/2-1/2"]
[WhiteTitle "IM"]
[BlackTitle "WFM"]
[WhiteElo "2487"]
[BlackElo "2325"]
[WhiteFideId "24171760"]
[BlackFideId "24215333"]
[EventDate "2024.08.17"]

1. e4 c6 2. d4 d5 3. e5 Bf5 4. h4 a6 5. Be3 c5 6. dxc5 Nc6 7. Nf3 Bg4 8. Be2 e6
9. Nbd2 Qc7 10. c4 Rd8 11. cxd5 exd5 12. Qa4 Bd7 13. Qf4 Be6 14. O-O Nge7 15.
Bd3 d4 16. Nxd4 Nd5 17. Qe4 Nxe3 18. Nxe6 fxe6 19. Qxe3 Qd7 20. Nc4 Qxd3 21.
Nd6+ Rxd6 22. exd6 Qxe3 23. fxe3 g6 24. Rf6 Nd8 25. Rb1 Bg7 26. Rf4 1/2-1/2

[Event "74th ch-RUS w 2024"]
[Site "Barnaul RUS"]
[Date "2024.08.18"]
[Round "2.3"]
[White "Garifullina, Leya"]
[Black "Goryachkina, Aleksandra"]
[Result "1/2-1/2"]
[WhiteTitle "IM"]
[BlackTitle "GM"]
[WhiteElo "2449"]
[BlackElo "2545"]
[WhiteFideId "34127035"]
[BlackFideId "4147103"]
[EventDate "2024.08.17"]

1. e4 e5 2. Nf3 Nc6 3. Bb5 Nf6 4. O-O Nxe4 5. Re1 Nd6 6. Nxe5 Be7 7. Bf1 Nxe5 8.
Rxe5 O-O 9. Nc3 Ne8 10. Nd5 Bd6 11. Re1 c6 12. Ne3 Be7 13. c4 Nc7 14. d4 d5 15.
cxd5 Bb4 16. Bd2 Bxd2 17. Qxd2 Nxd5 18. Nxd5 Qxd5 19. Re5 Qd6 20. Bc4 Bd7 21.
Rae1 b5 22. Bb3 a5 23. a3 a4 24. Ba2 Rae8 25. Qe3 Rxe5 26. dxe5 Qe7 27. Qa7 Qe8
28. Bb1 Be6 29. Be4 Qd8 30. Qe3 Qd7 31. Bf3 Rd8 32. h3 Bd5 33. Rd1 Qc7 34. Bxd5
Rxd5 35. Rxd5 cxd5 36. e6 fxe6 37. Qxe6+ Kf8 38. Qxd5 Qc1+ 39. Kh2 Qxb2 40. Qd8+
Kf7 41. Qd7+ Kf6 42. Qd6+ Kf5 43. g4+ Ke4 44. Kg2 Qc3 45. Qe7+ Qe5 46. Qd7 h6
47. Qd2 Qg5 48. f3+ Ke5 49. Qd7 Kf6 50. Qd6+ Kf7 51. Kg3 Qe7 52. Qd5+ Qe6 53.
Qxb5 Qd6+ 54. Kg2 Qxa3 55. Qd7+ Kg8 56. Qe8+ Kh7 57. Qe4+ g6 58. h4 Qb2+ 59. Kh3
Qa1 60. h5 Qh1+ 1/2-1/2

[Event "74th ch-RUS w 2024"]
[Site "Barnaul RUS"]
[Date "2024.08.18"]
[Round "2.4"]
[White "Goltseva, Ekaterina"]
[Black "Pogonina, Natalija"]
[Result "0-1"]
[WhiteTitle "FM"]
[BlackTitle "WGM"]
[WhiteElo "2366"]
[BlackElo "2387"]
[WhiteFideId "24173770"]
[BlackFideId "4147855"]
[EventDate "2024.08.17"]

1. d4 Nf6 2. c4 e6 3. Nc3 d5 4. cxd5 exd5 5. Bg5 Be7 6. e3 h6 7. Bh4 O-O 8. Bd3
c6 9. Qc2 Re8 10. Nge2 Nbd7 11. f3 b5 12. O-O a5 13. Rad1 Ba6 14. Bf2 Qb8 15.
Ng3 c5 16. dxc5 Nxc5 17. Be2 Qb7 18. Nf5 Bf8 19. Bh4 Ncd7 20. Qd2 g6 21. Nd4 b4
22. Na4 Rac8 23. Rc1 Bxe2 24. Qxe2 Rxc1 25. Rxc1 Rc8 26. Rc2 Kg7 27. b3 Bd6 28.
Qd1 Qb8 29. g4 Re8 30. Nc6 Qb5 31. Nd4 Qb7 32. Qd2 Be5 33. Kg2 Rc8 34. Qc1 Re8
35. Nc6 Qa8 36. Nxe5 Rxe5 37. Rc6 Qb7 38. Bf2 Qb5 39. Qc2 Re8 40. Rc7 Re6 41. h4
g5 42. hxg5 hxg5 43. Nb2 Ne8 44. Rc8 Nd6 45. Rc6 Ne8 46. Rc8 Nd6 47. Rc6 Rf6 48.
Nd3 Ne4 49. Rxf6 Nexf6 50. Bg3 Nh7 51. Ne5 Ndf8 52. Qc7 Qe8 53. Qxa5 f6 54. Qa7+
Kg8 55. Nd3 Qb5 56. Nf2 Qe8 57. Qd4 Qb5 58. Bd6 Ne6 59. Qxb4 Qe2 60. Qb8+ Nhf8
61. a4 Qxe3 62. a5 Qe2 63. Qb6 Ng6 64. Qb8+ Kh7 65. Qb7+ Kh6 66. Kg3 Nh4 67.
Qxd5 Qf1 68. f4 Qg1+ 69. Kh3 Qxf2 70. Qa8 Ng6 0-1

[Event "74th ch-RUS w 2024"]
[Site "Barnaul RUS"]
[Date "2024.08.18"]
[Round "2.5"]
[White "Kovanova, Baira"]
[Black "Voit, Daria"]
[Result "1/2-1/2"]
[WhiteTitle "WGM"]
[BlackTitle "WGM"]
[WhiteElo "2301"]
[BlackElo "2345"]
[WhiteFideId "4164083"]
[BlackFideId "4182146"]
[EventDate "2024.08.17"]

1. e4 e5 2. Nf3 Nf6 3. d4 Nxe4 4. Bd3 d5 5. Nxe5 Nd7 6. Nxd7 Bxd7 7. O-O Bd6 8.
Nc3 Nxc3 9. bxc3 O-O 10. Qh5 f5 11. Bg5 Qe8 12. Qf3 Qg6 13. Bf4 Bxf4 14. Qxf4
Qd6 15. Qxd6 cxd6 16. Rab1 b6 17. Rfe1 Kf7 18. Kf1 Rfe8 19. Bb5 Rxe1+ 20. Kxe1
Bxb5 21. Rxb5 Ke6 22. Kd2 Rc8 23. Kd3 1/2-1/2

[Event "74th ch-RUS w 2024"]
[Site "Barnaul RUS"]
[Date "2024.08.18"]
[Round "2.6"]
[White "Girya, Olga"]
[Black "Lagno, Kateryna"]
[Result "1/2-1/2"]
[WhiteTitle "GM"]
[BlackTitle "GM"]
[WhiteElo "2402"]
[BlackElo "2532"]
[WhiteFideId "4195752"]
[BlackFideId "14109336"]
[EventDate "2024.08.17"]

1. d4 Nf6 2. c4 c5 3. d5 b5 4. cxb5 a6 5. bxa6 e6 6. Nc3 exd5 7. Nxd5 Nxa6 8. e4
Nxd5 9. Qxd5 Nc7 10. Qe5+ Ne6 11. Nf3 Be7 12. Bc4 Ba6 13. Qc3 Bxc4 14. Qxc4 Qa5+
15. Bd2 Qa4 16. Qxa4 Rxa4 17. e5 f6 18. O-O fxe5 19. Nxe5 Bf6 20. Rfe1 d6 21.
Nf3 Kf7 22. Bc3 Bxc3 23. bxc3 Rha8 24. Rad1 R8a6 25. Nd2 d5 26. Nf3 d4 27. cxd4
cxd4 28. Ne5+ Kf6 29. Nd3 R6a5 30. Rc1 Ra3 31. Rc6 Rxd3 32. Rcxe6+ Kf7 33. Re7+
Kf8 34. Re8+ Kf7 35. R8e7+ Kf8 36. Rd7 Rxa2 37. h4 Rdd2 38. Ree7 Rxf2 39. Rxg7
d3 40. Kh2 d2 41. Rxh7 Rxg2+ 42. Kh3 Rh2+ 43. Kg4 Rg2+ 44. Kh3 Rh2+ 45. Kg4 1/2-1/2

[Event "74th ch-RUS w 2024"]
[Site "Barnaul RUS"]
[Date "2024.08.19"]
[Round "3.1"]
[White "Lagno, Kateryna"]
[Black "Gunina, Valentina"]
[Result "1-0"]
[WhiteTitle "GM"]
[BlackTitle "GM"]
[WhiteElo "2532"]
[BlackElo "2435"]
[WhiteFideId "14109336"]
[BlackFideId "4167570"]
[EventDate "2024.08.17"]

1. e4 c6 2. d4 d5 3. e5 c5 4. dxc5 e6 5. Be3 Nd7 6. Nc3 Nxe5 7. Nf3 Nc6 8. Rb1
Nf6 9. b4 Be7 10. Be2 O-O 11. O-O Qc7 12. Nb5 Qb8 13. c4 Rd8 14. Qc1 e5 15. cxd5
Nxd5 16. Bg5 f6 17. Bd2 Bf5 18. Rb3 a6 19. Nc3 Nxc3 20. Qxc3 Qc8 21. Be3 a5 22.
a3 axb4 23. axb4 Be6 24. Rb2 Bf8 25. Bc4 Kh8 26. h3 Ne7 27. Qb3 Bd5 28. Bxd5
Rxd5 29. Rd2 Rxd2 30. Nxd2 Qc6 31. Rd1 Nf5 32. b5 Qe8 33. Ne4 h5 34. Qd3 Nxe3
35. fxe3 Qg6 36. Qd5 Ra4 37. Nd6 Qg3 38. Qf7 Qxe3+ 39. Kh1 Rh4 40. Qxf8+ Kh7 41.
Qc8 Rf4 42. Qxb7 Kh6 43. Qd5 h4 44. Qd3 1-0

[Event "74th ch-RUS w 2024"]
[Site "Barnaul RUS"]
[Date "2024.08.19"]
[Round "3.2"]
[White "Voit, Daria"]
[Black "Girya, Olga"]
[Result "1/2-1/2"]
[WhiteTitle "WGM"]
[BlackTitle "GM"]
[WhiteElo "2345"]
[BlackElo "2402"]
[WhiteFideId "4182146"]
[BlackFideId "4195752"]
[EventDate "2024.08.17"]

1. d4 Nf6 2. c4 e6 3. Nc3 Bb4 4. Nf3 d5 5. Qa4+ Nc6 6. e3 O-O 7. Qc2 Ne7 8. Bd2
c5 9. a3 Bxc3 10. Bxc3 cxd4 11. Bxd4 Nc6 12. Bc3 Ne4 13. Rd1 Nxc3 14. Qxc3 Ne7
15. Be2 Bd7 16. O-O Qb6 17. Qd4 Qxd4 18. Nxd4 dxc4 19. Bxc4 Rfd8 20. f3 Rac8 21.
Bb3 e5 22. Ne2 Bb5 23. Kf2 a5 24. Rxd8+ Rxd8 25. Rd1 Rxd1 1/2-1/2

[Event "74th ch-RUS w 2024"]
[Site "Barnaul RUS"]
[Date "2024.08.19"]
[Round "3.3"]
[White "Pogonina, Natalija"]
[Black "Kovanova, Baira"]
[Result "1/2-1/2"]
[WhiteTitle "WGM"]
[BlackTitle "WGM"]
[WhiteElo "2387"]
[BlackElo "2301"]
[WhiteFideId "4147855"]
[BlackFideId "4164083"]
[EventDate "2024.08.17"]

1. Nf3 Nf6 2. c4 e6 3. g3 d5 4. Bg2 dxc4 5. Qa4+ Bd7 6. Qxc4 c5 7. Ne5 Qc8 8.
Nxd7 Qxd7 9. O-O Nc6 10. Nc3 Be7 11. Qa4 Nd5 12. d3 O-O 13. Bd2 Rfd8 14. Rfd1 a6
15. Be1 b5 16. Qc2 Rac8 17. Qd2 h6 1/2-1/2

[Event "74th ch-RUS w 2024"]
[Site "Barnaul RUS"]
[Date "2024.08.19"]
[Round "3.4"]
[White "Goryachkina, Aleksandra"]
[Black "Goltseva, Ekaterina"]
[Result "1-0"]
[WhiteTitle "GM"]
[BlackTitle "FM"]
[WhiteElo "2545"]
[BlackElo "2366"]
[WhiteFideId "4147103"]
[BlackFideId "24173770"]
[EventDate "2024.08.17"]

1. Nf3 Nf6 2. c4 e6 3. Nc3 d5 4. d4 Bb4 5. Bg5 dxc4 6. e4 b5 7. a4 c5 8. axb5
cxd4 9. Nxd4 h6 10. Be3 Nxe4 11. Rc1 O-O 12. Bxc4 Nxc3 13. bxc3 Ba3 14. Rb1 Qc7
15. Bd3 e5 16. Ne2 Bb7 17. Ng3 Rd8 18. Qc2 Nd7 19. O-O Bc5 20. Nh5 Bf8 21. Bf5
Nb6 22. Rbd1 Qc4 23. Bd3 Qg4 24. Ng3 Bd5 25. h3 Qc8 26. Rfe1 Nc4 27. Bc1 Qb7 28.
Qe2 Rac8 29. Bf5 Rc7 30. Qg4 Qb6 31. Rd3 e4 32. Bxe4 Ne5 33. Bh7+ Kxh7 34. Rxe5
Rcd7 35. Rexd5 Rxd5 36. Rxd5 Rxd5 37. Qe4+ 1-0

[Event "74th ch-RUS w 2024"]
[Site "Barnaul RUS"]
[Date "2024.08.19"]
[Round "3.5"]
[White "Karmanova, Olga Dm."]
[Black "Garifullina, Leya"]
[Result "0-1"]
[WhiteTitle "WFM"]
[BlackTitle "IM"]
[WhiteElo "2325"]
[BlackElo "2449"]
[WhiteFideId "24215333"]
[BlackFideId "34127035"]
[EventDate "2024.08.17"]

1. c4 e5 2. Nc3 Bb4 3. Nd5 Be7 4. g3 Nf6 5. Nc3 d5 6. cxd5 Nxd5 7. Bg2 Nb6 8.
Nf3 Nc6 9. d3 O-O 10. O-O Be6 11. Be3 Qd7 12. Rc1 Bh3 13. Ne4 Bxg2 14. Kxg2 Qd5
15. Qb3 Qxb3 16. axb3 f6 17. Bc5 Rf7 18. Bxe7 Rxe7 19. Nc5 Nd8 20. d4 e4 21. Nd2
f5 22. Rfd1 Nd5 23. Nc4 g6 24. h4 c6 25. h5 Nf7 26. hxg6 hxg6 27. Ra1 Kg7 28.
Rh1 a6 29. Rh4 Rc8 30. Na3 Rd8 31. Nc2 g5 32. Rhh1 Kg6 33. Na4 Nd6 34. e3 f4 35.
gxf4 gxf4 36. Rag1 Nf5 37. Kf1+ Kf6 38. Ke2 Ree8 39. Nc5 b6 40. Nxa6 f3+ 41. Ke1
c5 42. Rh7 Rh8 43. Rgh1 Rxh7 44. Rxh7 cxd4 45. Nxd4 Nxd4 46. exd4 Nf4 47. Kd2
Ng2 48. Nb4 Rxd4+ 49. Kc3 Rd1 50. Nc2 Rd3+ 51. Kc4 Rd2 52. Nd4 Rxf2 53. Rh8 Ne3+
54. Kc3 Rf1 55. Kd2 Ng2 56. Nc2 Rf2+ 57. Kc3 e3 58. Rh2 Rxc2+ 0-1

[Event "74th ch-RUS w 2024"]
[Site "Barnaul RUS"]
[Date "2024.08.19"]
[Round "3.6"]
[White "Charochkina, Daria"]
[Black "Shuvalova, Polina"]
[Result "1-0"]
[WhiteTitle "IM"]
[BlackTitle "IM"]
[WhiteElo "2295"]
[BlackElo "2487"]
[WhiteFideId "4180917"]
[BlackFideId "24171760"]
[EventDate "2024.08.17"]

1. d4 Nf6 2. c4 e6 3. Nc3 Bb4 4. e3 O-O 5. Bd2 c5 6. a3 Bxc3 7. Bxc3 Ne4 8. Ne2
b6 9. d5 Ba6 10. b3 b5 11. Qd3 exd5 12. cxb5 Bb7 13. Bb2 Re8 14. f3 Nf6 15. Kf2
d6 16. h4 Nbd7 17. Ng3 Ne5 18. Qd2 Neg4+ 19. fxg4 Nxg4+ 20. Kg1 Nxe3 21. Qf2 d4
22. Nf5 Qd7 23. Nxe3 Rxe3 24. Re1 Rae8 25. Rxe3 Rxe3 26. Rh3 Rxh3 27. gxh3 Bd5
28. b4 h6 29. Bc1 Be4 30. Bf4 Qe6 31. a4 Qd5 32. bxc5 dxc5 33. Qe2 Kh7 34. a5 d3
35. Qb2 Qf5 36. Qe5 Qg6+ 37. Kh2 f5 38. Qxc5 Qf7 39. Qf2 Qb3 40. b6 axb6 41.
axb6 Qb1 42. Bd2 Qb3 43. Be3 Qb4 44. Bg2 Kh8 45. h5 Kg8 46. Kg3 Kh8 47. Bf3 Qd6+
48. Bf4 Qb4 49. Bd1 Kh7 50. Be3 Qd6+ 51. Qf4 Qb4 52. Qf2 Qd6+ 53. Bf4 Qb4 54.
Kh2 Qb5 55. Be3 Qe5+ 56. Kg1 Qb5 57. Bd4 Qb1 58. Qf1 Qb4 59. Be3 Kh8 60. Kh2 Kh7
61. Qf2 Qd6+ 62. Qg3 Qb4 63. Qf2 Qd6+ 64. Bf4 Qb4 65. h4 Qb1 66. Qg1 Qb2+ 67.
Kh3 Kh8 68. Be3 Qb5 69. Bd4 Qd7 70. Ba4 Bg2+ 71. Kxg2 Qxa4 72. Kh2 Qa2+ 73. Kh3
Qf7 74. Qg6 Qd7 75. Qxh6+ Kg8 76. Qf4 Qd5 77. Kh2 Qa2+ 78. Bf2 Qb2 79. Kg2 d2
80. Qd6 Qc2 81. Qe6+ Kh7 82. b7 Qe4+ 83. Qxe4 fxe4 84. b8=Q d1=Q 85. Qf4 Qxh5
86. Qxe4+ Kh8 87. Kg3 Qd1 88. Bd4 Qb3+ 89. Kg4 Qf7 90. Qe5 Qb7 91. Kg3 Kh7 92.
Qf5+ Kh8 93. Qf8+ Kh7 94. Qf5+ Kh8 95. h5 Qe7 96. Be5 Kg8 97. Qc8+ Kh7 98. Qf5+
Kg8 99. Kh3 Qa3+ 100. Bg3 Qa6 101. Qd5+ Kh7 102. Qe4+ Kg8 103. Kg4 Qf6 104. Qd5+
Kh8 105. Be5 Qb6 106. Bd4 Qb1 107. Qe5 Qd1+ 108. Kh4 Qh1+ 109. Kg3 Qb7 110. h6
Qb3+ 111. Kh4 Qf7 112. hxg7+ Kh7 113. Qh5+ Qxh5+ 114. Kxh5 Kg8 115. Kh6 1-0

[Event "74th ch-RUS w 2024"]
[Site "Barnaul RUS"]
[Date "2024.08.20"]
[Round "4.2"]
[White "Garifullina, Leya"]
[Black "Charochkina, Daria"]
[Result "1-0"]
[WhiteTitle "IM"]
[BlackTitle "IM"]
[WhiteElo "2449"]
[BlackElo "2295"]
[WhiteFideId "34127035"]
[BlackFideId "4180917"]
[EventDate "2024.08.17"]

1. e4 c6 2. d4 d5 3. e5 Bf5 4. Nf3 e6 5. Be2 Nd7 6. O-O a5 7. Nc3 a4 8. Bd2 Bb4
9. a3 Bxc3 10. Bxc3 Ne7 11. Bd3 O-O 12. Bb4 Re8 13. h3 b6 14. c4 c5 15. Bc3 Bxd3
16. Qxd3 dxc4 17. Qxc4 Nd5 18. Bd2 Qb8 19. Qb5 Qb7 20. Ng5 cxd4 21. Qd3 Nf8 22.
Ne4 Qd7 23. Qxd4 Ng6 24. Rfd1 Nge7 25. Qd3 Ng6 26. Qg3 Rec8 27. h4 Rc4 28. Re1
Rd4 29. h5 Nge7 30. Bc3 Nf5 31. Qg4 Rc4 32. Nf6+ Nxf6 33. Qxc4 Nd5 34. Bd2 Rc8
35. Qd3 h6 36. Rac1 Rd8 37. Rc2 Nfe7 38. Rec1 Qb7 39. Qb5 Qb8 40. Re1 Nf5 41.
Qxa4 b5 42. Qe4 Nb6 43. Bc3 Rd7 44. Rcc1 Nd5 45. Ba5 Ra7 46. b4 Rd7 47. Rc5 Nfe7
48. Rec1 Rb7 49. g3 Qe8 50. Bc7 Ra7 51. Qd3 Qa8 52. Ba5 Rb7 53. Rxb5 Rxb5 54.
Qxb5 Ne3 55. fxe3 Qf3 56. Qe8+ Kh7 57. Bb6 Qxg3+ 58. Kf1 Qf3+ 59. Ke1 Nd5 60.
Qc6 Qg3+ 61. Kd2 Qf2+ 62. Kd3 Qf5+ 63. Kc4 Qe4+ 64. Kb3 g6 65. hxg6+ Kg7 66.
gxf7 Qd3+ 67. Ka4 Ne7 68. Qb5 1-0

[Event "74th ch-RUS w 2024"]
[Site "Barnaul RUS"]
[Date "2024.08.20"]
[Round "4.3"]
[White "Goltseva, Ekaterina"]
[Black "Karmanova, Olga Dm."]
[Result "1-0"]
[WhiteTitle "FM"]
[BlackTitle "WFM"]
[WhiteElo "2366"]
[BlackElo "2325"]
[WhiteFideId "24173770"]
[BlackFideId "24215333"]
[EventDate "2024.08.17"]

1. d4 Nf6 2. c4 e6 3. Nf3 d5 4. Nc3 dxc4 5. e4 b5 6. e5 Nd5 7. Nxb5 Nb6 8. Be2
Nc6 9. Be3 Ba6 10. Nc3 Be7 11. O-O O-O 12. Ne4 Nb4 13. Nfd2 N4d5 14. b3 Nxe3 15.
fxe3 Nd5 16. Rf3 Bg5 17. Nf1 Bb7 18. Nxg5 Qxg5 19. Rg3 Qh6 20. bxc4 Nc3 21. Qc2
Ne4 22. Rh3 Qg6 23. Bd3 f5 24. exf6 Qxf6 25. Ng3 Nxg3 26. Bxh7+ Kf7 27. Rxg3 Ke7
28. Bd3 Rh8 29. Rg6 Qh4 30. h3 Raf8 31. d5 Bc8 32. Rxg7+ Kd8 33. dxe6 Bxe6 34.
Rd1 Qh6 35. Bf5+ Kc8 36. Qe4 1-0

[Event "74th ch-RUS w 2024"]
[Site "Barnaul RUS"]
[Date "2024.08.20"]
[Round "4.4"]
[White "Kovanova, Baira"]
[Black "Goryachkina, Aleksandra"]
[Result "0-1"]
[WhiteTitle "WGM"]
[BlackTitle "GM"]
[WhiteElo "2301"]
[BlackElo "2545"]
[WhiteFideId "4164083"]
[BlackFideId "4147103"]
[EventDate "2024.08.17"]

1. e4 e6 2. d4 d5 3. exd5 exd5 4. Nf3 Nc6 5. h3 Bd6 6. Nc3 Nge7 7. Nb5 O-O 8.
Be2 Ng6 9. Nxd6 Qxd6 10. O-O Bf5 11. c3 Rfe8 12. Re1 h6 13. Be3 a6 14. Bf1 Re7
15. Nd2 Rae8 16. Qf3 Nh4 17. Qh5 g5 18. Nf3 Ng6 19. h4 f6 20. Bd2 Kg7 21. Rxe7+
Ncxe7 22. g3 Qd7 23. Nh2 Nc8 24. Re1 Rxe1 25. Bxe1 Qe6 26. hxg5 hxg5 27. Qe2
Qxe2 28. Bxe2 Bb1 29. a3 Nd6 30. Ng4 c6 31. f3 Nc4 32. Bxc4 dxc4 33. Kf2 Ne7 34.
Bd2 Nd5 35. Bc1 Kf7 36. Ne3 Nb6 37. f4 gxf4 38. gxf4 Ke6 39. Kf3 Bd3 40. Kg4 f5+
41. Kf3 Nd7 42. Nd1 b5 43. Nf2 Bf1 44. Bd2 Nf6 45. Bc1 Kd6 46. Nd1 Kc7 47. Be3
Bh3 48. Nf2 Bg4+ 49. Kg3 Kd6 50. Kh4 Kd5 51. Bc1 Be2 52. Kg5 Ne4+ 53. Nxe4 Kxe4
54. Kf6 Bg4 55. Ke6 Kd3 56. d5 cxd5 57. Kxd5 Kc2 58. Be3 Kxb2 59. Bd4 Kxa3 60.
Bb6 Ka4 61. Kd4 a5 62. Ke3 b4 63. Kd2 Ka3 64. Kc1 Ka2 65. cxb4 axb4 66. Bc5 Kb3
67. Bd6 c3 0-1